000 01557nam a22003857a 4500
003 CHAP
005 20220329143937.0
008 121015s2012 mx r 00010 spa d
010 _a104080
011 _a105052
035 _a115744
040 _cCHAP
090 _aTesis
100 1 _aCristobal Martínez, Ana Luisa.
_928992
245 1 0 _aEfecto de densidad de siembra de dos especies de cobertura viva sobre el control de la maleza
_h[En línea]
_c/por Ana Luisa Cristobal Martínez
260 _aChapingo, Méx. :
_bEl autor,
_c2012
500 _aPara ver el contenido del material haga clic en la liga
502 _aTesis (Ing. Agrónomo Especialista en Parasitología Agrícola) -- UACH. Departamento de Parasitología Agrícola
590 _aALEPH
_b10
_c20130110
_lUCH01
_h1547
590 _aBATCH-UPD
_b10
_c20130110
_lUCH01
_h0313
590 _aBATCH-UPD
_b10
_c20130110
_lUCH01
_h0432
590 _aBATCH-UPD
_b10
_c20130409
_lUCH01
_h2234
590 _aBATCH-UPD
_b10
_c20130409
_lUCH01
_h2343
590 _aBATCH-UPD
_b10
_c20130913
_lUCH01
_h2130
590 _aBATCH-UPD
_b10
_c20140324
_lUCH01
_h1535
590 _aBATCH-UPD
_b10
_c20141002
_lUCH01
_h0856
590 _aCONVERSION
_b10
_c20130109
_lUCH01
_h1357
650 0 4 _aMalas hierbas
_xControl.
_970011
650 0 4 _aTrébol blanco.
_9115252
856 _3Finding aid
_uhttp://10.13.5.2/tesis/115744.pdf
_zTeclea aqui
901 _aBK
942 _cFOLL
949 _aTesis
_bBC
_cTES
_d33724002349223
_eTS1
_h54183
_i115744
_st
949 _aTesis
_bBC
_cTES
_d33724002349264
_eTS2
_fc.2
_h54184
_i115744
_st
999 _c104080
_d104080